Statistics for Taco Bell Burritos

Click here to take the quiz!

General Stats

  • This quiz has been taken 21 times
  • The average score is 2 of 6

Answer Stats

Answer% Correct
Bean Burrito
74%
Supreme Burrito
58%
Quesarito
26%
Beefy Burrito
21%
Supreme Crunchwrap
21%
Veggie Burrito
21%

Score Distribution

Percentile by Number Answered

Percent of People with Each Score

Your Score History

You have not taken this quiz